000 00621nam a2200253Ia 4500
005 20260121153757.0
008 008 260114s9999 xx 000 0 eng d
020 _a9780367822903
037 _aEBOOK
040 _aCRL
040 _beng
040 _cCRL
041 _2eng
041 _aeng
084 _qCRL
100 _aLaurie Parsons; Nithya Natarajan
_9998997
245 0 _aClimate Change in the Global Workplace
260 _bTaylor and Francis
260 _c2021
856 _uhttp://www.taylorfrancis.com/books/9780367822903
942 _cEBOOK
999 _c1565818
_d1565818